[Event "Oravska Priehrada op"]
[Site "Namestovo"]
[Date "2017.08.27"]
[Round "6"]
[White "Magura, Ivan"]
[Black "Hrnciar, Roman"]
[Result "0-1"]
[WhiteElo "1777"]
[BlackElo "2095"]
[PlyCount "70"]
[EventDate "2017.08.25"]
[EventType "swiss"]
[EventRounds "7"]
[EventCountry "SVK"]
[SourceTitle "CBM 180 Extra"]
[Source "ChessBase"]
[SourceDate "2017.10.06"]
[SourceVersion "1"]
[SourceVersionDate "2017.10.06"]
[SourceQuality "1"]

1. Nf3 f5 2. g3 e6 3. Bg2 Nf6 4. 0-0 Be7 5. d4 0-0 6. c4 d6 7. Nc3 c6 8. Bg5 Ne4 9. Bxe7 Qxe7 10. Nxe4 fxe4 11. Nd2 d5 12. Qb3 Nd7 13. f3 exf3 14. Rxf3 Rxf3 15. Qxf3 Qb4 16. Qc3 Qxc3 17. bxc3 Nb6 18. cxd5 exd5 19. e4 Be6 20. Re1 dxe4 21. Rxe4 Bxa2 22. Re7 Rb8 23. Ne4 Nd5 24. Rd7 a5 25. Bh3 Nf6 26. Nxf6+ gxf6 27. Bf5 a4 28. Bxh7+ Kh8 29. Be4 a3 30. d5 Bxd5 31. Bxd5 cxd5 32. Rxd5 Rc8 33. Rb5 Rxc3 34. Ra5 b5 35. Rxb5 Rc1+ 0-1

[Event "Oravska Priehrada op"]
[Site "Namestovo"]
[Date "2017.08.27"]
[Round "7"]
[White "Ondrusova, Miroslava"]
[Black "Magura, Ivan"]
[Result "1/2-1/2"]
[WhiteElo "1549"]
[BlackElo "1777"]
[PlyCount "153"]
[EventDate "2017.08.25"]
[EventType "swiss"]
[EventRounds "7"]
[EventCountry "SVK"]
[SourceTitle "CBM 180 Extra"]
[Source "ChessBase"]
[SourceDate "2017.10.06"]
[SourceVersion "1"]
[SourceVersionDate "2017.10.06"]
[SourceQuality "1"]

1. e4 Nf6 2. Nc3 d5 3. exd5 Nxd5 4. Nxd5 Qxd5 5. Nf3 Nc6 6. Be2 g6 7. 0-0 Bg7 8. c3 0-0 9. d4 Bg4 10. h3 Bf5 11. Bf4 Qd8 12. Re1 Bc8 13. Bb5 Bd7 14. d5 Nb8 15. Bxd7 Nxd7 16. Qb3 Nc5 17. Qc4 Na6 18. Rad1 Rc8 19. Qe2 Re8 20. c4 Nc5 21. b3 b6 22. Be5 f6 23. Bd4 Nb7 24. Qe6+ Kf8 25. Re2 Qd6 26. Rde1 Qxe6 27. Rxe6 Nd8 28. R6e4 Nf7 29. g4 c6 30. dxc6 Rxc6 31. Re6 Rcc8 32. g5 Nd8 33. R6e2 Nc6 34. Bc3 Rcd8 35. Re6 Rc8 36. gxf6 exf6 37. Bxf6 Rxe6 38. Rxe6 Bxf6 39. Rxf6+ Kg7 40. Re6 Rc7 41. Kf1 Nb4 42. Re2 Nd3 43. Ng5 Kh6 44. Re3 Nxf2 45. Kxf2 Kxg5 46. Kg3 h5 47. Re5+ Kf6 48. Re2 Rd7 49. h4 Rd3+ 50. Kh2 Kf5 51. Rg2 Rf3 52. Rg5+ Kf6 53. Rg2 Rf5 54. Kh3 g5 55. hxg5+ Rxg5 56. Rf2+ Rf5 57. Rd2 Ke6 58. Kh4 a5 59. Kg3 Rg5+ 60. Kh4 Re5 61. Kg3 Re4 62. Kh3 h4 63. Rg2 Kd6 64. Rd2+ Kc6 65. Rf2 Rd4 66. Rf6+ Kb7 67. Rf7+ Ka6 68. Rf2 a4 69. Rf6 Ka5 70. Rf5+ Ka6 71. Rf6 axb3 72. axb3 Ka5 73. Rf3 Ka6 74. Rf6 Rd3+ 75. Kxh4 Rxb3 76. c5 Rb4+ 77. Kg3 1/2-1/2

[Event "Oravska Priehrada op"]
[Site "Namestovo"]
[Date "2017.08.26"]
[Round "3"]
[White "Magura, Ivan"]
[Black "Tomcik, Milan"]
[Result "1-0"]
[WhiteElo "1777"]
[BlackElo "2041"]
[PlyCount "111"]
[EventDate "2017.08.25"]
[EventType "swiss"]
[EventRounds "7"]
[EventCountry "SVK"]
[SourceTitle "CBM 180 Extra"]
[Source "ChessBase"]
[SourceDate "2017.10.06"]
[SourceVersion "1"]
[SourceVersionDate "2017.10.06"]
[SourceQuality "1"]

1. Nf3 Nf6 2. g3 c5 3. Bg2 Nc6 4. d4 e6 5. 0-0 d5 6. c4 dxc4 7. Ne5 Nxe5 8. dxe5 Qxd1 9. Rxd1 Nd7 10. Na3 Rb8 11. Nxc4 Be7 12. Nd6+ Bxd6 13. exd6 b6 14. f4 Nf6 15. b3 Kd7 16. Bb2 Bb7 17. Bxf6 gxf6 18. e4 Rhc8 19. Rac1 b5 20. e5 Bxg2 21. Kxg2 c4 22. b4 Rb6 23. Rc3 Ra6 24. a3 Rg8 25. Rf1 Rc8 26. Kf3 Rg8 27. Kg2 Rc8 28. Rff3 Rb6 29. g4 a5 30. Rh3 axb4 31. axb4 Kc6 32. Rxh7 Rb7 33. Rh6 fxe5 34. fxe5 Kd5 35. Rhh3 Kxe5 36. Rhe3+ Kxd6 37. h4 f6 38. Kg3 e5 39. Re1 Ke6 40. Ra1 Rd7 41. Ra6+ Rd6 42. Raa3 Rcd8 43. Kf3 Rd4 44. Ra6+ R8d6 45. Rxd6+ Kxd6 46. h5 Ke6 47. Rc1 Kf7 48. Ra1 c3 49. Ra7+ Kg8 50. Rc7 Rc4 51. Rxc4 bxc4 52. Ke3 e4 53. b5 c2 54. Kd2 e3+ 55. Kxc2 c3 56. Kxc3 1-0

[Event "Oravska Priehrada op"]
[Site "Namestovo"]
[Date "2017.08.25"]
[Round "1"]
[White "Magura, Ivan"]
[Black "Varga, Lukas"]
[Result "1/2-1/2"]
[WhiteElo "1777"]
[BlackElo "2171"]
[PlyCount "83"]
[EventDate "2017.08.25"]
[EventType "swiss"]
[EventRounds "7"]
[EventCountry "SVK"]
[SourceTitle "CBM 180 Extra"]
[Source "ChessBase"]
[SourceDate "2017.10.06"]
[SourceVersion "1"]
[SourceVersionDate "2017.10.06"]
[SourceQuality "1"]

1. Nf3 Nf6 2. g3 d5 3. Bg2 Nc6 4. d4 Bf5 5. 0-0 Qd7 6. Nc3 Nb4 7. a3 Nc6 8. Bg5 a6 9. Bxf6 gxf6 10. Na4 e5 11. Nc5 Bxc5 12. dxc5 0-0-0 13. b4 Bh3 14. c3 Bxg2 15. Kxg2 h5 16. h4 e4 17. Nd4 Ne5 18. Qd2 Qg4 19. f3 Qg6 20. Qf4 exf3+ 21. exf3 Kb8 22. Qf5 Qh6 23. f4 Nc4 24. Qd3 Rhe8 25. Rfe1 Qg6 26. Qf3 f5 27. Re2 Re4 28. a4 Rde8 29. Rae1 Rg8 30. Kh2 Nd2 31. Qf2 Rxe2 32. Rxe2 Ne4 33. Qe3 f6 34. Rg2 Re8 35. Qf3 Rg8 36. Ne6 Qe8 37. Nd4 Qxa4 38. Nxf5 Qe8 39. Nd4 Rg4 40. Nf5 Qg6 41. Nd4 f5 42. Qe3 1/2-1/2